| Tag |
First Indicator |
Second Indicator |
Subfields |
| LEADER |
00000cam a2200000 4500 |
| 001 |
in00000023569 |
| 005 |
20151007064505.0 |
| 008 |
760115s1970 ru a 00001 rusr |
| 010 |
|
|
|a 78586148
|
| 035 |
|
|
|a (OCoLC)01929823
|
| 035 |
|
|
|9 AAD9951AM
|
| 040 |
|
|
|a DLC
|c GYG
|d GYG
|d TXA
|d UtOrBLW
|
| 049 |
|
|
|a TXAM
|c [923231]
|
| 050 |
0 |
0 |
|a PG3470.P6
|b R286 1970
|
| 092 |
|
|
|a 891.7
|b P814
|
| 100 |
1 |
|
|a Serafimovich, A.,
|d 1863-1949.
|
| 245 |
1 |
0 |
|a Rasskazy /
|c [Predisl. E. Krasnoshchikovoi. Ill.: B. Pashkov].
|
| 264 |
|
1 |
|a Moskva :
|b "Khudogh. lit.,",
|c 1970.
|
| 300 |
|
|
|a 208 pages :
|b illustrations ;
|c 20 cm.
|
| 336 |
|
|
|a text
|b txt
|2 rdacontent
|
| 337 |
|
|
|a unmediated
|b n
|2 rdamedia
|
| 338 |
|
|
|a volume
|b nc
|2 rdacarrier
|
| 490 |
1 |
|
|a Narodnaia biblioteka
|
| 500 |
|
|
|a In Cyrillic characters.
|
| 500 |
|
|
|a At head of title: A. S. Serafimovich.
|
| 505 |
0 |
|
|a Contents: Na ldine.--Mest.--Stepnye liudi.--Bomby.--U obryva.--Zareva.--Sopka s krestami.--Peski.--Kolechko.--Bolshoi dvor.--Chibis.--Dve smerti.
|
| 830 |
|
0 |
|a Narodnai͡a biblioteka.
|
| 999 |
|
|
|a MARS
|
| 999 |
f |
f |
|s 64c26d8d-6831-30f9-9bd1-2ac833204a07
|i d995020b-f17b-3001-b537-40effc0a2b68
|t 0
|
| 952 |
f |
f |
|p ric
|a Texas A&M University
|b Rellis Campus
|c Joint Library Facility
|d Remote Storage
|t 0
|e PG3470.P6 R286 1970
|h Library of Congress classification
|i unmediated -- volume
|m A14803627337
|
| 998 |
f |
f |
|a PG3470.P6 R286 1970
|t 0
|l Remote Storage
|